Statistics for Paintings by J.W. Waterhouse

Click here to take the quiz!

General Stats

  • This quiz has been taken 4 times
  • The average score is 4 of 16

Answer Stats

Answer% Correct
Cleopatra
67%
Ophelia
67%
Circe
33%
Flora
33%
Juliet
33%
Lady of Shalott
33%
Miranda
33%
Pandora
33%
Saint Eulalia
33%
Ariadne
0%
Boreas
0%
Diogenes
0%
Fair Rosamund
0%
Hylas
0%
Lady Clare
0%
Mariana
0%

Score Distribution

Percentile by Number Answered

Percent of People with Each Score

Your Score History

You have not taken this quiz